Central Library OPAC University of Rajshahi

Schaum's outline of theory and problems of numerical analysis / (Record no. 3220)

MARC details
000 -LEADER
fixed length control field 00850nam a2200265 a 4500
001 - CONTROL NUMBER
control field 3220
003 - CONTROL NUMBER IDENTIFIER
rucl marc code BD-RjUL
005 - DATE AND TIME OF LATEST TRANSACTION
control field 20211208233709.0
008 - FIXED-LENGTH DATA ELEMENTS--GENERAL INFORMATION
fixed length control field 160829s1989 nyua 001 0 eng d
020 ## - INTERNATIONAL STANDARD BOOK NUMBER
International Standard Book Number 0070552215
035 ## - SYSTEM CONTROL NUMBER
System control number (BD-RjUL)3254
040 ## - CATALOGING SOURCE
Original cataloging agency BD-RjUL
Language of cataloging eng
Transcribing agency BD-RjUL
041 ## - LANGUAGE CODE
Language code of text/sound track or separate title eng
082 ## - DEWEY DECIMAL CLASSIFICATION NUMBER
Classification number 515.076
Author mark and year SCS 1989
100 1# - MAIN ENTRY--PERSONAL NAME
Personal name Scheid, Francis,
Dates associated with a name 1920-2011
9 (RLIN) 153072
245 10 - TITLE STATEMENT
Title Schaum's outline of theory and problems of numerical analysis /
Statement of responsibility, etc. by Francis Scheid
250 ## - EDITION STATEMENT
Edition statement 2nd ed.
260 ## - PUBLICATION, DISTRIBUTION, ETC. (IMPRINT)
Place of publication, distribution, etc. New York :
Name of publisher, distributor, etc. McGraw-Hill,
Date of publication, distribution, etc. 1989
300 ## - PHYSICAL DESCRIPTION
Pagination [6], 471 p. :
Illustrations ill. ;
Size 28 cm.
650 #0 - SUBJECT ADDED ENTRY--TOPICAL TERM
Topical term or geographic name as entry element Numerical analysis -- Problems, exercises, etc.
9 (RLIN) 153073
Topical term or geographic name as entry element Numerical analysis -- Study guides.
9 (RLIN) 153086
Topical term or geographic name as entry element Mathematics -- Study guides
9 (RLIN) 153087
830 #0 - SERIES ADDED ENTRY--UNIFORM TITLE
Uniform title Schaum's outline series.
942 ## - ADDED ENTRY ELEMENTS (KOHA)
Source of classification or shelving scheme Dewey Decimal Classification
Koha item type Books
Holdings
Lost status Source of classification or shelving scheme Damaged status Not for loan Collection code Permanent Location Current Location Shelving location Date acquired Source of acquisition Cost, normal purchase price Total Checkouts Full call number Date last seen Copy number Koha item type
  Dewey Decimal Classification     Non-fiction Central Library, University of Rajshahi Central Library, University of Rajshahi   06/07/1997 Aunkur prakashani, Dhaka 13.95   515.076 SCS 1989 30/08/2016 C-2 Books
  Dewey Decimal Classification     Non-fiction Central Library, University of Rajshahi Central Library, University of Rajshahi   06/07/1997 Aunkur prakashani, Dhaka 13.95   515.076 SCS 1989 30/08/2016 C-3 Books
  Dewey Decimal Classification     Non-fiction Central Library, University of Rajshahi Central Library, University of Rajshahi   06/07/1997 Aunkur prakashani, Dhaka 13.95   515.076 SCS 1989 30/08/2016 C-4 Books